000 00395nam a2200133Ia 4500
005 20260326100037.0
008 260326s9999||||xx |||||||||||||| ||und||
100 _aMeyerson, Martin
245 0 _aFace of the Metropolis :
_b The Building Developments that are reshaping our Cities and suburbs /
_cMartin Meyerson
260 _bRandom House
300 _a249 p.
650 _aURBANISMO
942 _cBK
999 _c6856
_d6856